000 00309nam a22001337a 4500
008 181025b xxu||||| |||| 00| 0 eng d
020 _a9781416625094
041 _aeng
080 _24 ED
_a370
100 _a47
101 _aEDU
245 _aMultiple Intelligences Classroom
_cThomas,A
942 _2udc
_cBK
999 _c50937
_d50937